Minerals and rocks in colour / (Record no. 75330)
[ view plain ]
| 000 -LEADER | |
|---|---|
| fixed length control field | 01119cam a22003251a 4500 |
| 001 - CONTROL NUMBER | |
| control field | 75330 |
| 003 - CONTROL NUMBER IDENTIFIER | |
| rucl marc code | BD-RjUL |
| 005 - DATE AND TIME OF LATEST TRANSACTION | |
| control field | 20211209082655.0 |
| 008 - FIXED-LENGTH DATA ELEMENTS--GENERAL INFORMATION | |
| fixed length control field | 19 s1963 enka b 001 0 eng |
| 035 ## - SYSTEM CONTROL NUMBER | |
| System control number | (BD-RjUL)75548 |
| System control number | (OCoLC)7963395 |
| 040 ## - CATALOGING SOURCE | |
| Original cataloging agency | DLC |
| Transcribing agency | MnManS |
| Modifying agency | Uk |
| -- | DLC |
| Language of cataloging | eng |
| 041 ## - LANGUAGE CODE | |
| Language code of text/sound track or separate title | eng |
| 042 ## - AUTHENTICATION CODE | |
| Authentication code | premarc |
| 082 ## - DEWEY DECIMAL CLASSIFICATION NUMBER | |
| Edition number | 23 |
| Classification number | 552 |
| Author mark and year | KIM 1963 |
| 100 1# - MAIN ENTRY--PERSONAL NAME | |
| Personal name | Kirkaldy, J. F. |
| Fuller form of name | (John Francis) |
| 9 (RLIN) | 229037 |
| 245 10 - TITLE STATEMENT | |
| Title | Minerals and rocks in colour / |
| Statement of responsibility, etc. | by J. F. Kirkaldy ; photographs by Folke Johansson. |
| 260 ## - PUBLICATION, DISTRIBUTION, ETC. (IMPRINT) | |
| Place of publication, distribution, etc. | London [Eng.] : |
| Name of publisher, distributor, etc. | Blandford Press, |
| Date of publication, distribution, etc. | c1963 |
| 300 ## - PHYSICAL DESCRIPTION | |
| Pagination | 176 p. : |
| Illustrations | 328 ill. (part col.) ; |
| Size | 19 cm. |
| 500 ## - GENERAL NOTE | |
| General note | The color photos were taken from Stenar i färg, by P. H. Lundegårdh. The text has been completely rewritten for the English work. |
| General note | Includes index. |
| 504 ## - BIBLIOGRAPHY, ETC. NOTE | |
| Bibliography, etc | Bibliography : p. 166. |
| 650 #0 - SUBJECT ADDED ENTRY--TOPICAL TERM | |
| Topical term or geographic name as entry element | Rocks |
| Form subdivision | Classification. |
| 9 (RLIN) | 229038 |
| 700 1# - ADDED ENTRY--PERSONAL NAME | |
| Personal name | Lundegårdh, P. H. |
| Fuller form of name | (Per H.), |
| Dates associated with a name | 1919- |
| 906 ## - LOCAL DATA ELEMENT F, LDF (RLIN) | |
| a | 7 |
| b | cbc |
| c | oclcrpl |
| d | u |
| e | ncip |
| f | 19 |
| g | y-gencatlg |
| 942 ## - ADDED ENTRY ELEMENTS (KOHA) | |
| Source of classification or shelving scheme | Dewey Decimal Classification |
| Koha item type | Books |
| Lost status | Source of classification or shelving scheme | Damaged status | Not for loan | Collection code | Permanent Location | Current Location | Shelving location | Date acquired | Source of acquisition | Cost, normal purchase price | Total Checkouts | Full call number | Date last seen | Copy number | Koha item type |
|---|---|---|---|---|---|---|---|---|---|---|---|---|---|---|---|
| Dewey Decimal Classification | Not For Loan | Non-fiction | Central Library, University of Rajshahi | Central Library, University of Rajshahi | Reading Room | 19/05/1965 | zeitlinger | 19.00 | 552 KIM 1963 | 06/03/2019 | C-1 | Books |